Introduzione al diritto del lavoro

Đã lưu trong:
Chi tiết về thư mục
Những tác giả chính: Tosi, Paolo (Tác giả), Lunardon, Fiorella (Tác giả)
Định dạng: Sách
Ngôn ngữ:Tiếng Italy
Được phát hành: Roma Laterza 2004
Phiên bản:1a. ed
Loạt:Manuali Laterza, 192
Những chủ đề:
Các nhãn: Thêm thẻ
Không có thẻ, Là người đầu tiên thẻ bản ghi này!

MARC

LEADER 00000nam a2200000 a 4500
001 UCI0322
003 CL-VaPUC
008 070504e20040000IT |||||||||||||||||ita|d
020 |a 8842071919 
082 0 4 |a 344.01  |b TOS  |2 21 
100 0 |a Tosi, Paolo  |e author  |9 520491 
700 0 |a Lunardon, Fiorella  |e author  |9 520492 
245 1 0 |a Introduzione al diritto del lavoro 
250 |a 1a. ed 
300 |a 223 p 
942 |c BK 
945 |d 20070504 00:00:00  |a jtorresc 
260 |a Roma  |b Laterza  |c 2004 
500 |a v.1: L'ordinamento Italiano 
650 7 |a DERECHO LABORAL  |2 CL-VaPUC  |9 15 
650 0 |a Contratos de trabajo  |9 254966 
650 0 |a Derecho y legislación   |9 255077 
650 7 |a TRABAJO Y TRABAJADORES  |2 CL-VaPUC  |9 255560 
651 0 |a Italia  |9 254949 
583 |a last modification  |c 20170801 04:17:48  |k Rodrigo Vera 
490 0 |a Manuali Laterza, 192 
999 |c 325559  |d 325557 
952 |0 0  |1 0  |4 0  |6 344_010000000000000_TOS_2004  |7 0  |8 A  |9 406546  |a BIBDER  |b BIBDER  |d 2019-11-22  |h v.1  |i 4290356  |o 344.01 TOS 2004  |p 4290356  |r 2023-01-25  |w 2019-11-22  |y BK  |k DER